000 01886nam a2200313 c 4500
999 _c151115
_d151115
003 BLK
005 20220517150853.0
008 180410b bul|||||r ||||||| ||bul||
010 _aKNG00157485000
040 _aBLK
041 _aBUL
_cBUL
080 _aПолитически партии и движения
_b329
_x(47+57)КПСС
_z329(47+57)КПСС
080 _aМеждународни политически отношения. Световна политика. Международна политика. Дипломация
_b327
_x(47+57)
_z327(47+57)
080 _aСоциография. Социално положение. Условия на политическия и социалния живот. Социално и социално-икономическо положение на отделните страни, народи, раси. Социална география. (Общи въпроси)
_b308
_x(47+57)
_z308(47+57)
100 1 _aБрежнев, Леонид Илич
_eпърви автор
_943159
139 _aБрежнев, Леонид Илич
_bБ 80
245 1 0 _aЗа интернационализма и дружбата между народите
_bСб. речи, докл., статии
_cЛеонид Илич Брежнев.
257 _aRUS
260 _aСофия
_bПартиздат
_c1983
300 _a867 с.
_b1 л. : портр
_c21 см
380 _a3
490 1 _aПолитически дейци на нашето време
500 _aОриг. загл. Об интернационализме и дружбе народов. - 3 310 тир. - Предм. показалец.
852 _aЦб 118701
_bЦб
856 4 _qpdf
856 4 _qpdf
942 _cKNG
_n0
_s1
944 _aCR
_c06.03.2014
_l06.03.2014 - от С1,Р / 06.03.2014
_kПравда_Бадева
944 _aED
_c2022-05-17
_l2022-05-17
_kСТ
999 _d151115